[Event "Reykjavik Open 2024"]
[Site "Reykjavik ISL"]
[Date "2024.03.16"]
[Round "3.101"]
[White "Mardell, Jimmy"]
[Black "Mensing, Adrian"]
[Result "1-0"]
[WhiteElo "2172"]
[BlackElo "1980"]
[WhiteFideId "1705610"]
[BlackFideId "1043293"]
[EventDate "2024.03.15"]

1. d4 Nf6 2. c4 g6 3. Nc3 Bg7 4. e4 d6 5. Nf3 O-O 6. Be2 Nbd7 7. h3 e5 8. dxe5
Nxe5 9. Nxe5 dxe5 10. Be3 Qe7 11. O-O c6 12. Qc2 Be6 13. Rfd1 Nd7 14. Rab1 f5
15. f3 f4 16. Bf2 g5 17. b4 h5 18. c5 g4 19. fxg4 hxg4 20. Bxg4 Bxg4 21. hxg4 f3
22. Qd3 Rf7 23. gxf3 Raf8 24. Ne2 Qg5 25. Qd2 Qg6 26. Qd6 Qg5 27. Qe6 Nf6 28.
Qf5 Nh7 29. Qe6 Kh8 30. Rb3 Rf6 31. Qd7 R6f7 32. Qe6 Rxf3 33. Rxf3 Rxf3 34. Kg2
Rf8 35. Rd3 Bf6 36. Rf3 Kg7 37. Ng3 Qg6 38. Be3 Kh8 39. a4 Rg8 40. Kh3 Qg7 41.
Nh5 Qe7 42. Rxf6 1-0

[Event "Reykjavik Open 2024"]
[Site "Reykjavik ISL"]
[Date "2024.03.16"]
[Round "3.102"]
[White "Gurner, Jem"]
[Black "Mannion, Stephen R"]
[Result "0-1"]
[WhiteTitle "CM"]
[BlackTitle "IM"]
[WhiteElo "1968"]
[BlackElo "2166"]
[WhiteFideId "67600280"]
[BlackFideId "2400111"]
[EventDate "2024.03.15"]

1. e4 e5 2. Nf3 Nc6 3. Bb5 a6 4. Ba4 Nf6 5. d4 exd4 6. O-O Be7 7. Re1 b5 8. Bb3
d6 9. Bd5 Nxd5 10. exd5 Ne5 11. Nxd4 O-O 12. Nc3 Bb7 13. Nf5 Bf6 14. a4 Qd7 15.
Ng3 g6 16. Bh6 Rfe8 17. Nce4 Bh8 18. Bg5 f5 19. Nf6+ Bxf6 20. Bxf6 Qf7 21. Bxe5
Rxe5 22. Rxe5 dxe5 23. axb5 axb5 24. Rxa8+ Bxa8 25. d6 Qd7 26. Qa1 Qc6 27. Qa2+
Kg7 28. f3 Qc5+ 29. Kf1 Bd5 30. b3 cxd6 31. Ne2 b4 32. Qb2 Bc6 33. c4 bxc3 34.
Nxc3 Qd4 35. Qc1 Bb7 36. Qa1 Qb6 37. Qa4 Ba6+ 38. Ne2 Qb5 39. Qxb5 Bxb5 40. Ke1
Bxe2 41. Kxe2 Kf6 42. Kd3 d5 43. Kc3 Ke6 44. h4 Kd6 45. Kd3 Kc5 46. Kc3 e4 47.
fxe4 fxe4 0-1

[Event "Reykjavik Open 2024"]
[Site "Reykjavik ISL"]
[Date "2024.03.16"]
[Round "3.103"]
[White "Ornolfsson, Magnus P."]
[Black "Rathbone-Jones, Ifan"]
[Result "1/2-1/2"]
[WhiteElo "2163"]
[BlackElo "1966"]
[WhiteFideId "2301016"]
[BlackFideId "1803859"]
[EventDate "2024.03.15"]

1. d4 d5 2. Nf3 Nf6 3. g3 g6 4. Bg2 Bg7 5. O-O O-O 6. c4 c6 7. Nc3 Na6 8. cxd5
cxd5 9. Ne5 Nc7 10. Qb3 Nd7 11. Bf4 Ne6 12. Bxd5 Nxd4 13. Bxf7+ Kh8 14. Qd5 Nxe5
15. Bxe5 e6 16. Qxd8 Rxd8 17. Bxd4 Bxd4 18. Rad1 Kg7 19. e3 Bf6 20. Rxd8 Bxd8
21. Rd1 Bf6 22. Be8 Kf8 23. Bd7 Ke7 24. Bxc8 Rxc8 25. Rd3 a6 26. Kf1 b5 27. a3
Rc4 28. Ke2 b4 29. axb4 Rxb4 30. Rd2 h5 31. h4 g5 32. hxg5 Bxg5 33. f4 Bf6 34.
Kd3 Rb8 35. Rh2 Kf7 36. Rxh5 Rxb2 37. Ne4 Rb3+ 38. Ke2 Be7 39. Ra5 Rb6 40. Nc5
Rb2+ 41. Kf3 Rb5 42. Rxb5 axb5 43. Nb3 Kf6 44. Ke4 Bd6 45. Nd4 b4 46. g4 Bc7 47.
g5+ Kf7 48. g6+ Kxg6 49. Nxe6 b3 50. Kd3 Ba5 51. e4 b2 52. Kc2 Bd2 53. Kxb2 Kf6
54. Kc2 Be3 55. Kd3 Bc1 56. f5 Ke5 57. Nf8 Ba3 58. Ng6+ Kf6 59. Kd4 Bb2+ 60. Kd5
Bc1 61. Nf8 Bb2 62. Nd7+ Ke7 63. Ne5 Kf6 64. Nc6 Bc1 65. Nd4 Bf4 66. Nf3 Bc7 67.
Kd4 Bb6+ 68. Kd3 Bc5 69. Nd2 Ke5 70. Nc4+ Kf4 71. Na5 Ke5 72. Nc6+ Kd6 73. Nd4
Ke5 74. Nf3+ Kf4 75. Nh4 Ke5 76. Ng6+ Kf6 77. Ke2 Kg5 78. Kf3 Bd6 79. Ke3 Bc5+
80. Kd3 Kf6 81. Nh4 Ke5 82. Nf3+ Kf4 83. f6 Ba3 84. e5 Kf5 85. Kc3 Ke6 86. Kb3
Bc1 87. Kc3 Bf4 1/2-1/2

[Event "Reykjavik Open 2024"]
[Site "Reykjavik ISL"]
[Date "2024.03.16"]
[Round "3.104"]
[White "Muller, Maxime"]
[Black "Johannsson, Birkir Isak"]
[Result "1-0"]
[WhiteElo "1961"]
[BlackElo "2161"]
[WhiteFideId "26088533"]
[BlackFideId "2314673"]
[EventDate "2024.03.15"]

1. d4 d5 2. c4 e6 3. Nf3 Nf6 4. g3 dxc4 5. Bg2 Bb4+ 6. Bd2 a5 7. Qc2 c5 8. dxc5
Bxc5 9. O-O Nbd7 10. Qxc4 b6 11. Nc3 Ba6 12. Qh4 Rc8 13. Rad1 Qe7 14. Rfe1 O-O
15. e4 e5 16. Bg5 Bb7 17. Bh3 Qe8 18. Bxf6 Nxf6 19. Bxc8 Bxc8 20. Qg5 Nd7 21.
Nb5 f6 22. Qd2 Qe7 23. Na7 Nb8 24. Nxc8 Rxc8 25. a3 Nc6 26. Qd5+ Kf8 27. Rc1 Qf7
28. Red1 Ne7 29. Qb7 Qb3 30. Ne1 Qxb2 31. Nd3 Qe2 32. Nxc5 Rxc5 33. Rd8+ Kf7 34.
Rxc5 1-0

[Event "Reykjavik Open 2024"]
[Site "Reykjavik ISL"]
[Date "2024.03.16"]
[Round "3.105"]
[White "He, Junchen"]
[Black "Mai, Alexander Oliver"]
[Result "0-1"]
[WhiteElo "1956"]
[BlackElo "2160"]
[WhiteFideId "8642427"]
[BlackFideId "2313391"]
[EventDate "2024.03.15"]

1. d4 Nf6 2. Nc3 d5 3. Bf4 a6 4. e3 h6 5. Nf3 e6 6. a3 c5 7. Ne5 Nc6 8. Nxc6
bxc6 9. dxc5 Bxc5 10. b4 Be7 11. Na4 O-O 12. Bd3 Nd7 13. O-O Bb7 14. Rb1 Ra7 15.
c4 a5 16. c5 axb4 17. axb4 Qa8 18. Ra1 Bf6 19. Ra2 Bd8 20. Qc2 Ba6 21. Bxa6 Rxa6
22. Rd1 Qb7 23. Qd2 Bf6 24. Qd3 Rfa8 25. Qb3 Qa7 26. b5 cxb5 27. c6 bxa4 28. Qb7
Nc5 29. Qxa7 R6xa7 30. Rb1 e5 0-1

[Event "Reykjavik Open 2024"]
[Site "Reykjavik ISL"]
[Date "2024.03.16"]
[Round "3.106"]
[White "Arndt, Uwe"]
[Black "Eriksson, Jorgen"]
[Result "0-1"]
[WhiteElo "1951"]
[BlackElo "2154"]
[WhiteFideId "24647713"]
[BlackFideId "1701967"]
[EventDate "2024.03.15"]

1. d4 d5 2. c4 e6 3. Nc3 c6 4. e4 Bb4 5. cxd5 exd5 6. e5 Ne7 7. a3 Bxc3+ 8. bxc3
c5 9. Nf3 Nbc6 10. Be2 O-O 11. O-O cxd4 12. cxd4 h6 13. Bd2 Bf5 14. Qb3 Qd7 15.
Rfc1 Be4 16. Bc3 Rfc8 17. Nd2 Bf5 18. Bf3 Rab8 19. h3 Be6 20. Nf1 Nf5 21. Qd1
Rc7 22. Qd2 Rbc8 23. Ne3 Ncxd4 24. Bd1 Nxe3 25. Qxe3 Nf5 26. Qd2 d4 27. Bb4 Qd5
28. Rxc7 Rxc7 29. Qe1 Nh4 30. f3 Nf5 31. Rb1 d3 32. Qf2 Qxe5 33. Qxa7 Qe3+ 34.
Qxe3 Nxe3 35. Ba4 Bd7 36. Bb3 Nc2 37. Rc1 Bb5 38. Ba5 Rc8 39. a4 Ba6 40. Kf2 Re8
41. Bxc2 Re2+ 42. Kg3 dxc2 43. Bc3 Bc4 44. Bb2 Bb3 45. Ra1 Ba2 46. a5 Rd2 47.
Re1 Be6 48. Re5 Rd4 49. Rc5 Ra4 50. Rxc2 Rxa5 51. Rc7 Rb5 52. Bd4 Rb4 53. Be5
Rb1 54. Rc2 Bd5 55. Rd2 Bc6 56. Rd8+ Kh7 57. Rc8 Re1 58. Bd4 Re2 59. Rc7 Kg6 60.
h4 h5 61. Rc8 Rd2 62. Be5 f6 63. Bf4 Rd7 64. Rc7 Rxc7 65. Bxc7 b5 66. Kf4 b4 67.
Ba5 b3 68. Bc3 Kf7 69. g4 Kg6 70. Bd4 Kh6 71. g5+ fxg5+ 72. hxg5+ Kg6 73. Bc3
Bd7 74. Kg3 Kxg5 75. Bxg7 h4+ 76. Kf2 Kf4 77. Bh6+ Ke5 78. Bc1 Kd4 79. Bg5 Kd3
80. Bf6 Kc2 81. f4 b2 82. Bxb2 Kxb2 83. Ke3 Kc3 84. Kf3 Kd3 85. Kg2 Ke3 86. f5
Bxf5 87. Kh2 Kf3 88. Kg1 Kg3 89. Kh1 h3 90. Kg1 h2+ 91. Kh1 Be4# 0-1

[Event "Reykjavik Open 2024"]
[Site "Reykjavik ISL"]
[Date "2024.03.16"]
[Round "3.107"]
[White "Pujari, Rucha"]
[Black "Niebler, Paul"]
[Result "1/2-1/2"]
[WhiteTitle "WIM"]
[WhiteElo "2147"]
[BlackElo "1955"]
[WhiteFideId "5024528"]
[BlackFideId "12902730"]
[EventDate "2024.03.15"]

1. d4 d5 2. c4 e6 3. Nf3 Nf6 4. Nc3 c6 5. Bg5 dxc4 6. e4 b5 7. e5 h6 8. Bh4 g5
9. Nxg5 hxg5 10. Bxg5 Be7 11. exf6 Bxf6 12. Bxf6 Qxf6 13. g3 Bb7 14. Bg2 Na6 15.
Nxb5 cxb5 16. Bxb7 Nb4 17. O-O Rd8 18. Qd2 Nd3 19. Bc6+ Ke7 20. Be4 Rxd4 21.
Bxd3 cxd3 22. Rac1 Rhd8 23. Rc7+ R8d7 24. Rxd7+ Kxd7 25. Qc3 e5 26. Rc1 Ke7 1/2-1/2

[Event "Reykjavik Open 2024"]
[Site "Reykjavik ISL"]
[Date "2024.03.16"]
[Round "3.108"]
[White "Hennig, Konrad"]
[Black "Duong, Thanh Nha"]
[Result "0-1"]
[BlackTitle "IM"]
[WhiteElo "1946"]
[BlackElo "2144"]
[WhiteFideId "34622519"]
[BlackFideId "2601079"]
[EventDate "2024.03.15"]

1. d4 Nf6 2. Nf3 e6 3. Bg5 c5 4. d5 Qa5+ 5. Nbd2 Nxd5 6. e4 Nf6 7. e5 Ne4 8. Bd3
Nxg5 9. Nxg5 c4 10. Be2 Qxe5 11. Ngf3 Qxb2 12. O-O d5 13. Bxc4 dxc4 14. Nxc4 Qb4
15. Qd3 Be7 16. Rab1 Qc5 17. Rb5 Qc7 18. Nfe5 O-O 19. f4 Nd7 20. Rf3 Nf6 21. Rh3
Rd8 22. Qf3 Bc5+ 23. Kf1 a6 24. Rb3 b5 25. Qxa8 Bb7 26. Qxd8+ Qxd8 27. Rhd3 Qa8
28. Nd6 Bxg2+ 29. Ke1 Bxd6 30. Rxd6 g6 31. Re3 Kg7 32. c4 bxc4 33. Nxc4 Qc8 34.
Nd2 Qc1+ 35. Kf2 Nd5 0-1

[Event "Reykjavik Open 2024"]
[Site "Reykjavik ISL"]
[Date "2024.03.16"]
[Round "3.109"]
[White "Bergsson, Stefan"]
[Black "Zhou, David"]
[Result "1-0"]
[WhiteElo "2144"]
[BlackElo "1954"]
[WhiteFideId "2301393"]
[BlackFideId "2623234"]
[EventDate "2024.03.15"]

1. e4 c5 2. Nc3 Nc6 3. Nf3 e6 4. d4 cxd4 5. Nxd4 Qc7 6. Be3 a6 7. f4 b5 8. Qf3
Bb7 9. O-O-O Nf6 10. Bd3 Nxd4 11. Bxd4 Bc5 12. Bxc5 Qxc5 13. Qg3 Nh5 14. Qf3 Nf6
15. Rhe1 b4 16. Ne2 O-O-O 17. Kb1 Kb8 18. Ng3 h5 19. Qe2 Qb6 20. Nf1 d5 21. e5
Nd7 22. Nd2 Nc5 23. Nb3 Nxb3 24. axb3 g6 25. Rg1 Ka7 26. h3 h4 27. Qe1 Bc6 28.
Rf1 a5 29. Rf2 Kb7 30. c3 a4 31. cxb4 axb3 32. b5 Bxb5 33. Bxb5 Qxb5 34. Rd4 Ka6
35. Rb4 Qd3+ 36. Ka1 Ka7 37. Ra4+ Kb6 38. Rf3 1-0

[Event "Reykjavik Open 2024"]
[Site "Reykjavik ISL"]
[Date "2024.03.16"]
[Round "3.110"]
[White "Madsen, Jens Ingemann"]
[Black "MacKinnon, Keith"]
[Result "1/2-1/2"]
[WhiteElo "1945"]
[BlackElo "2142"]
[WhiteFideId "1434993"]
[BlackFideId "2601990"]
[EventDate "2024.03.15"]

1. e4 c5 2. c3 Nf6 3. e5 Nd5 4. Nf3 e6 5. Bc4 d6 6. exd6 Bxd6 7. O-O O-O 8. d4
cxd4 9. cxd4 b6 10. Bxd5 exd5 11. h3 Nc6 12. Nc3 Ba6 13. Re1 Nb4 14. Be3 Rc8 15.
Qd2 Nd3 16. Red1 Bb4 17. a3 Bxc3 18. bxc3 Re8 19. Qc2 Qc7 20. Rxd3 Bxd3 21. Qxd3
Qxc3 22. Qb1 Rc4 23. Bd2 Qc2 24. Qb5 Qa4 25. Qxd5 Rc2 26. Be3 Qc6 27. Qf5 Qc8
28. Qd5 Qc6 29. Qf5 Qc8 30. Qd5 Qc6 1/2-1/2

[Event "Reykjavik Open 2024"]
[Site "Reykjavik ISL"]
[Date "2024.03.16"]
[Round "3.111"]
[White "Markuszewski, Maksymilian"]
[Black "Cansdale, Zach"]
[Result "1/2-1/2"]
[WhiteElo "2141"]
[BlackElo "1951"]
[WhiteFideId "651018306"]
[BlackFideId "343409024"]
[EventDate "2024.03.15"]

1. d4 d5 2. c4 c6 3. Nc3 Nf6 4. e3 e6 5. Nf3 Nbd7 6. Be2 Bd6 7. O-O O-O 8. b3 b6
9. Bb2 Bb7 10. Bd3 Re8 11. Re1 Rc8 12. Rc1 e5 13. dxe5 Nxe5 14. cxd5 cxd5 15.
Be2 Nxf3+ 16. Bxf3 Be5 17. Na4 Bxb2 18. Nxb2 Ne4 19. Rxc8 Qxc8 20. Nd3 Qc3 21.
Nf4 Rc8 22. g3 Qc2 23. Qe2 g6 24. Rd1 Qxe2 25. Nxe2 Rc2 26. a4 Nc5 27. Nd4 Rc3
28. Rb1 a6 29. Kf1 Kf8 30. Ke2 Ne4 31. Rb2 Ke7 32. Rc2 Rxc2+ 33. Nxc2 Kd6 34.
Bg4 Nc3+ 35. Kd3 Ne4 36. Ke2 Nc3+ 37. Ke1 Ke5 38. f3 a5 39. Kd2 Na2 40. Bh3 Ba6
41. f4+ Kd6 42. Bg2 Kc5 43. Bf3 Bc8 44. g4 f6 45. Bd1 Nb4 46. Nd4 Nc6 47. Nxc6
Kxc6 48. h4 h6 49. g5 fxg5 50. fxg5 hxg5 51. hxg5 Bf5 52. Kc3 Kd6 53. Kd4 Be4
54. Bg4 Bc2 55. Kc3 Be4 56. Kd4 Bc2 57. Kc3 Be4 1/2-1/2

[Event "Reykjavik Open 2024"]
[Site "Reykjavik ISL"]
[Date "2024.03.16"]
[Round "3.112"]
[White "Honey, Luke Anthony"]
[Black "Birkisson, Bjorn Holm"]
[Result "1/2-1/2"]
[WhiteElo "1939"]
[BlackElo "2140"]
[WhiteFideId "343403425"]
[BlackFideId "2310600"]
[EventDate "2024.03.15"]

1. c4 c5 2. Nc3 Nc6 3. g3 g6 4. Bg2 Bg7 5. e4 e6 6. Nge2 Nge7 7. O-O O-O 8. d3
a6 9. Be3 Nd4 10. Rb1 Nec6 11. a3 d6 12. b4 Rb8 13. Qd2 Bd7 14. Bf4 e5 15. Be3
b5 16. cxb5 axb5 17. Nd5 Ra8 18. bxc5 dxc5 19. Nec3 Rb8 20. Rfc1 Qa5 21. Qb2 b4
22. axb4 Nxb4 23. Ne7+ Kh8 24. Qd2 Qd8 25. Bxd4 cxd4 26. Ncd5 Nxd5 27. Nxd5 Rxb1
28. Rxb1 Be6 29. Rb5 Qd7 30. Qb2 h5 31. h4 Kh7 32. Rb8 Rxb8 33. Qxb8 Qa4 34. Qb1
Qa3 35. Qd1 Kg8 36. Bf3 Qd6 37. Qa4 Kh7 38. Qb4 Qa6 39. Qb1 Qc8 40. Qd1 Qd7 41.
Qe2 Qd8 42. Kg2 f5 43. Kh2 f4 44. Kg2 fxg3 45. fxg3 Bc8 46. Qf1 Be6 47. Qe2 Bh6
48. Qc2 Qf8 49. Qc7+ Bg7 50. Qc2 Bh3+ 51. Kf2 Qa3 52. Qe2 Bh6 53. Qc2 Bg7 54.
Qe2 Qc1 55. Bg2 Be6 56. Bf3 Bh6 57. Kg2 Qc8 58. Kh2 Qd8 59. Qc2 Qf8 60. Qe2 Qf7 1/2-1/2

[Event "Reykjavik Open 2024"]
[Site "Reykjavik ISL"]
[Date "2024.03.16"]
[Round "3.113"]
[White "George Samir, David"]
[Black "Stark, John"]
[Result "1-0"]
[WhiteTitle "FM"]
[BlackTitle "CM"]
[WhiteElo "2130"]
[BlackElo "1947"]
[WhiteFideId "10657789"]
[BlackFideId "4300963"]
[EventDate "2024.03.15"]

1. e4 c6 2. d4 d5 3. e5 Bf5 4. h4 h5 5. Bd3 Bxd3 6. Qxd3 Qa5+ 7. Nd2 e6 8. Nf3
Qa6 9. c4 Nh6 10. b3 Nf5 11. O-O Be7 12. g3 c5 13. dxc5 Bxc5 14. Kg2 Nc6 15. Qb1
g6 16. cxd5 exd5 17. Bb2 Qe2 18. Qe1 Ne3+ 19. Kg1 Qxe1 20. Rfxe1 Ng4 21. Re2 O-O
22. a3 a5 23. Kg2 Rfe8 24. Rae1 Nd8 25. Nb1 Ne6 26. Nc3 Red8 27. Rd1 Nc7 28.
Red2 b5 29. Nxd5 Nxd5 30. Rxd5 Rxd5 31. Rxd5 Bxf2 32. Rxb5 Rd8 33. Rxa5 Bb6 34.
Rb5 Ne3+ 35. Kf2 Ba7 36. Rb7 Nd1+ 37. Ke2 Bf2 38. e6 fxe6 39. Rg7+ Kf8 40. Ng5
Rd6 41. Be5 1-0

[Event "Reykjavik Open 2024"]
[Site "Reykjavik ISL"]
[Date "2024.03.16"]
[Round "3.114"]
[White "Bugaj, Hanna"]
[Black "Strathmann, Sacha"]
[Result "0-1"]
[WhiteElo "1920"]
[BlackElo "2129"]
[WhiteFideId "21829870"]
[BlackFideId "4693825"]
[EventDate "2024.03.15"]

1. d4 g6 2. Nf3 Bg7 3. c4 Nf6 4. Nc3 O-O 5. e4 d6 6. Be2 Nc6 7. O-O e5 8. dxe5
dxe5 9. Qxd8 Rxd8 10. Bg5 Nd4 11. Nxd4 Rxd4 12. Nd5 Nxd5 13. exd5 Bf5 14. Be3
Re4 15. Rac1 b6 16. Bf3 Rxe3 17. fxe3 e4 18. Be2 Bxb2 19. Rc2 Ba3 20. Kf2 Bc5
21. Bd1 Bd7 22. h4 f5 23. Ke2 h5 24. Rb2 Kg7 25. g3 a5 26. a4 Kf6 27. Bc2 g5 28.
Rbb1 Rg8 29. Rg1 Ke5 30. Rbf1 Be7 31. hxg5 Rxg5 32. Kd2 Kd6 33. Rh1 Kc5 34. Bd1
Be8 35. Be2 Bd6 36. Rh3 Be5 37. Rfh1 Bxg3 38. Bxh5 Bxa4 39. Be2 Bd6 40. Rh5 Rg2
41. Rf1 Bb3 42. Rc1 f4 43. Kc3 Rxe2 44. Kxb3 Rxe3+ 45. Ka2 Re2+ 46. Kb3 f3 47.
Kc3 a4 48. Ra1 f2 49. Rb1 c6 50. dxc6+ Kxc6 51. Rf1 a3 52. Kb3 e3 53. Rh3 Re1
54. Rhh1 Rxf1 0-1

[Event "Reykjavik Open 2024"]
[Site "Reykjavik ISL"]
[Date "2024.03.16"]
[Round "3.115"]
[White "Stanford, Sheila Barth"]
[Black "Schmidt, Florian Pascal"]
[Result "1-0"]
[WhiteTitle "WIM"]
[WhiteElo "2123"]
[BlackElo "1947"]
[WhiteFideId "1500953"]
[BlackFideId "16256840"]
[EventDate "2024.03.15"]

1. e4 c6 2. d4 d5 3. exd5 cxd5 4. Bd3 Nc6 5. c3 Nf6 6. Bf4 g6 7. Qc2 Bg7 8. Nf3
Bd7 9. O-O O-O 10. Nbd2 Rc8 11. Qb1 Na5 12. Ne5 Be8 13. h3 Nd7 14. Ndf3 Nc4 15.
Qc2 Ncxe5 16. dxe5 Nc5 17. Rfd1 Ba4 18. b3 Bd7 19. Nd4 Nxd3 20. Rxd3 b5 21. Qd2
Re8 22. Re1 Qb6 23. b4 e6 24. Bh6 Bh8 25. Qf4 Qc7 26. Rf3 f6 27. exf6 Qxf4 28.
Rxf4 Kf7 29. Nf3 Bxf6 30. Bg5 Rxc3 31. Bxf6 Rc2 32. Ne5+ 1-0

[Event "Reykjavik Open 2024"]
[Site "Reykjavik ISL"]
[Date "2024.03.16"]
[Round "3.116"]
[White "Li, Harry"]
[Black "Haugen, Lars Tormod"]
[Result "1-0"]
[WhiteElo "2107"]
[BlackElo "1945"]
[WhiteFideId "430145"]
[BlackFideId "1559966"]
[EventDate "2024.03.15"]

1. e4 c5 2. Nf3 g6 3. d4 cxd4 4. Nxd4 Bg7 5. c4 Nc6 6. Be3 Qb6 7. Nb3 Qd8 8. Qd2
Nf6 9. f3 d6 10. Nc3 O-O 11. Be2 a5 12. Nb5 a4 13. N3d4 Nxd4 14. Nxd4 Qa5 15.
Qxa5 Rxa5 16. Bd2 Ra8 17. Bc3 Nd7 18. O-O-O Nc5 19. Nb5 Bxc3 20. Nxc3 Be6 21.
Rhe1 Rfc8 22. Kb1 Kf8 23. Nd5 Bxd5 24. exd5 a3 25. b3 Na6 26. Rd4 Rc7 27. g4 g5
28. h4 h6 29. f4 f6 30. hxg5 hxg5 31. fxg5 Nb4 32. Re4 Kf7 33. gxf6 exf6 34. Rh1
Re8 35. Rxe8 Kxe8 36. Rh8+ Ke7 37. Ra8 Na6 38. Bd3 Rd7 39. Rh8 Nb4 40. Bf5 Rc7
41. Ra8 Na6 42. Kc2 Nb4+ 43. Kd2 Nxa2 44. Rxa3 Nb4 45. Ra5 Na6 46. Kc3 Kd8 47.
b4 Re7 48. c5 Kc7 49. c6 Kb6 50. Kc4 bxc6 51. dxc6 Nc7 52. Bd7 Re4+ 53. Kc3 Re5
54. Rxe5 dxe5 55. Kc4 Na6 56. Bf5 Nc7 57. Be4 Nb5 58. Bg2 Nc7 59. Bh1 Nb5 60.
Kd5 Kc7 61. Kc5 Nd4 62. b5 Ne6+ 63. Kd5 Nd4 64. b6+ Kxb6 65. Kd6 Nb5+ 66. Ke6
Kc7 67. Kxf6 Kd6 68. g5 Nd4 69. g6 Ne6 70. g7 1-0

[Event "Reykjavik Open 2024"]
[Site "Reykjavik ISL"]
[Date "2024.03.16"]
[Round "3.117"]
[White "Reimer, Philip"]
[Black "Slikker, Willem"]
[Result "1/2-1/2"]
[WhiteElo "2095"]
[BlackElo "1936"]
[WhiteFideId "16235860"]
[BlackFideId "1081330"]
[EventDate "2024.03.15"]

1. e4 c5 2. Nf3 d6 3. d4 cxd4 4. Nxd4 Nf6 5. Nc3 a6 6. f4 e5 7. Nb3 Qc7 8. Be2
b5 9. a4 b4 10. Nd5 Nxd5 11. exd5 Bf5 12. Bd3 Bxd3 13. Qxd3 Nd7 14. O-O Be7 15.
Be3 O-O 16. Kh1 Bf6 17. Rab1 Nb6 18. Bxb6 Qxb6 19. Nd2 exf4 20. Rxf4 Bg5 21. Nc4
Qd8 22. Re4 Qc7 23. Rbe1 Bf6 24. b3 Rac8 25. R1e2 Qc5 26. g3 Rfd8 27. Kg2 Bc3
28. Re7 Bf6 29. R7e4 Bc3 30. g4 Rf8 31. Re7 Bd4 32. R7e4 Bc3 33. Re7 Bd4 1/2-1/2

[Event "Reykjavik Open 2024"]
[Site "Reykjavik ISL"]
[Date "2024.03.16"]
[Round "3.118"]
[White "Mork, Peter"]
[Black "Sanitt, Ethan"]
[Result "0-1"]
[WhiteElo "1755"]
[BlackElo "1914"]
[WhiteFideId "1580604"]
[BlackFideId "427462"]
[EventDate "2024.03.15"]

1. f4 d5 2. Nf3 g6 3. g3 Bg7 4. Bg2 c5 5. O-O Nc6 6. d3 Nf6 7. h3 O-O 8. Kh2 b6
9. a3 Bb7 10. Qe1 Rc8 11. e4 dxe4 12. dxe4 Nd4 13. Nxd4 cxd4 14. Qe2 Qc7 15. c3
Rfd8 16. Rd1 e5 17. fxe5 Nh5 18. cxd4 Bxe5 19. dxe5 Rxd1 20. Qxd1 Qxc1 21. Qb3
Ng7 22. Qb5 Rc2 23. Qd3 Ne6 24. Nc3 Rxg2+ 25. Kxg2 Qxb2+ 26. Kf3 Qxa1 27. Kg4
h5+ 28. Kh4 Qc1 29. g4 Qe1+ 30. Qg3 g5+ 0-1

[Event "Reykjavik Open 2024"]
[Site "Reykjavik ISL"]
[Date "2024.03.16"]
[Round "3.119"]
[White "Larkin, Benjamin"]
[Black "Potter, Alexander"]
[Result "1/2-1/2"]
[WhiteElo "1914"]
[BlackElo "1782"]
[WhiteFideId "479977"]
[BlackFideId "343422594"]
[EventDate "2024.03.15"]

1. e4 Nf6 2. e5 Nd5 3. d4 d6 4. Nf3 dxe5 5. Nxe5 c6 6. Bd3 Nd7 7. O-O g6 8. Nd2
Bg7 9. Re1 O-O 10. Ndf3 Nxe5 11. Nxe5 Be6 12. c3 c5 13. c4 Nb4 14. d5 Bxd5 15.
cxd5 Qxd5 16. Qe2 Qxe5 17. Qxe5 Bxe5 18. Bxg6 Bxh2+ 19. Kxh2 fxg6 20. Rxe7 Rf7
21. Re2 Nd3 22. Be3 Rc8 23. Rc2 b5 24. Rd1 Rd7 25. Bxc5 Rxc5 26. Rxd3 Rxc2 27.
Rxd7 a5 28. Rb7 Rxb2 29. a4 b4 30. Ra7 Rxf2 31. Rxa5 Ra2 32. Ra7 b3 33. Rb7 b2
34. a5 Rxa5 35. Rxb2 1/2-1/2

[Event "Reykjavik Open 2024"]
[Site "Reykjavik ISL"]
[Date "2024.03.16"]
[Round "3.120"]
[White "Heidarsson, Mikael Bjarki"]
[Black "Brade, Henry"]
[Result "1-0"]
[WhiteElo "1913"]
[BlackElo "1771"]
[WhiteFideId "2317532"]
[BlackFideId "519456"]
[EventDate "2024.03.15"]

1. d4 d5 2. c4 e6 3. Nc3 a6 4. cxd5 exd5 5. Nf3 Nf6 6. Bg5 Be6 7. e3 h6 8. Bh4
Nbd7 9. Bd3 Bd6 10. O-O c6 11. Rb1 Qc7 12. Bg3 Bxg3 13. hxg3 Bg4 14. Na4 Ne4 15.
Rc1 O-O 16. b4 b5 17. Nc5 Ndxc5 18. bxc5 a5 19. Qc2 Bxf3 20. gxf3 Ng5 21. Kg2
Rfe8 22. e4 dxe4 23. Bxe4 Qd7 24. Qd3 Qh3+ 25. Kg1 Rac8 26. Bf5 Qh5 27. Bg4 Nh3+
28. Kg2 Qg5 29. Bxh3 Rcd8 30. Rfd1 Qd5 31. a3 a4 32. Bf5 g6 33. Bxg6 fxg6 34.
Qxg6+ Kf8 35. Qxh6+ Ke7 36. Qg7+ Ke6 37. Re1+ Kf5 38. g4+ Kf4 39. Qf6+ 1-0

[Event "Reykjavik Open 2024"]
[Site "Reykjavik ISL"]
[Date "2024.03.16"]
[Round "3.121"]
[White "Van Meter, Lester"]
[Black "Tan, Chong Hien Andrew"]
[Result "1/2-1/2"]
[WhiteTitle "FM"]
[WhiteElo "1906"]
[BlackElo "1762"]
[WhiteFideId "2001691"]
[BlackFideId "5807794"]
[EventDate "2024.03.15"]

1. d4 Nf6 2. Nf3 d5 3. c4 e6 4. g3 dxc4 5. Bg2 c5 6. O-O Nc6 7. dxc5 Qxd1 8.
Rxd1 Bxc5 9. Nbd2 c3 10. bxc3 O-O 11. Nb3 Be7 12. Nfd4 Nxd4 13. Rxd4 e5 14. Rd1
Rb8 15. Na5 Bd8 16. Nc4 Bc7 17. Ba3 Re8 18. Nd6 Bxd6 19. Bxd6 Ra8 20. c4 e4 21.
c5 Bd7 22. a4 Bc6 23. a5 a6 24. Rd4 h6 25. Rb1 g6 26. Rb2 Kg7 27. Rdb4 Rac8 28.
Bh3 Rcd8 29. Rxb7 Bxb7 30. Rxb7 Nd5 31. Bd7 Rxd7 32. Rxd7 Nb4 33. Rb7 Nc6 34.
Rb6 Nxa5 35. Rxa6 Nc4 36. Ra7 Nxd6 37. cxd6 Rd8 38. Re7 Rxd6 39. Rxe4 h5 40. Kg2
Ra6 41. h3 Ra3 42. e3 Ra2 43. Rd4 Rb2 44. h4 Ra2 45. Kf3 Ra3 46. Kf4 Ra2 47. f3
Ra5 48. e4 Ra3 49. Rd7 Kf6 50. e5+ Ke6 51. Rd6+ Ke7 52. Rf6 Ra5 53. Rd6 Ra3 1/2-1/2

[Event "Reykjavik Open 2024"]
[Site "Reykjavik ISL"]
[Date "2024.03.16"]
[Round "3.122"]
[White "Tripathi, Pratyush"]
[Black "Winter, Kevin"]
[Result "1-0"]
[WhiteElo "1905"]
[BlackElo "1758"]
[WhiteFideId "1763121"]
[BlackFideId "421960"]
[EventDate "2024.03.15"]

1. d4 Nf6 2. c4 g6 3. Nc3 Bg7 4. e4 d6 5. Be2 O-O 6. Be3 Nbd7 7. g4 c5 8. d5 Qa5
9. Qd2 Ne5 10. f3 a6 11. h4 h5 12. g5 Ne8 13. Rc1 Nc7 14. b3 b5 15. Nd1 Qb6 16.
Nf2 bxc4 17. bxc4 a5 18. f4 Nd7 19. Nd3 Ba6 20. Nf3 Bc8 21. O-O Na6 22. Rb1 Qd8
23. f5 Nb4 24. Nf4 Kh7 25. fxg6+ Kh8 26. Nh2 Ne5 27. gxf7 Bg4 28. Nxg4 hxg4 29.
Ne6 Qd7 30. Nxf8 Rxf8 31. Rf5 Ng6 32. Bxg4 Rxf7 33. Rxf7 Qxg4+ 34. Qg2 Qxg2+ 35.
Kxg2 Kg8 36. Rff1 Nc2 37. Rb8+ Kh7 38. Bf2 Nxh4+ 39. Bxh4 Ne3+ 40. Kg1 Nxf1 41.
Kxf1 1-0